|
|
|
|
| LEADER |
00000nam0a2200000 4500 |
| 001 |
13091 |
| 005 |
20251028171742.0 |
| 010 |
|
|
|a 5222004945
|
| 035 |
|
|
|a (RuTPU)RU\TPU\book\13172
|
| 035 |
|
|
|a BOOK00013240
|
| 090 |
|
|
|a 13091
|
| 100 |
|
|
|a 20011209d1999 k y0rusy50 ca
|
| 101 |
0 |
|
|a rus
|
| 102 |
|
|
|a RU
|
| 105 |
|
|
|a y z 000zd
|
| 200 |
1 |
|
|a Святые Древней Руси
|f Г. П. Федотов
|
| 210 |
|
|
|a Ростов-на-Дону
|c Феникс
|d 1999
|
| 215 |
|
|
|a 384 с.
|
| 225 |
1 |
|
|a Исторические силуэты
|
| 600 |
|
0 |
|a Сергий Радонежский
|c основатель и игумен Троице-Сергиева монастыря
|f около 1321-1391
|2 stltpush
|3 (RuTPU)RU\TPU\pers\5916
|9 1143
|
| 600 |
|
0 |
|a Нил Сорский
|f 1433-1508
|c российский церковный деятель
|c основатель и глава нестяжательства в России
|c в миру Майков Николай
|2 stltpush
|3 (RuTPU)RU\TPU\pers\5918
|
| 606 |
|
|
|a Духовная культура России
|x История
|z 9-17 вв.
|9 81677
|
| 610 |
1 |
|
|a Россия
|
| 610 |
1 |
|
|a религия
|
| 610 |
1 |
|
|a православие
|
| 610 |
1 |
|
|a персоналии
|
| 610 |
1 |
|
|a Древняя Русь
|
| 610 |
1 |
|
|a святые
|
| 686 |
|
|
|a Т3(2)4
|2 rubbk
|
| 686 |
|
|
|a Э372-3
|2 rubbk
|
| 700 |
|
1 |
|a Федотов
|b Г. П.
|g Георгий Петрович
|
| 801 |
|
0 |
|a RU
|b 63413507
|c 20011209
|g PSBO
|
| 801 |
|
2 |
|a RU
|b 63413507
|c 20121015
|g PSBO
|
| 942 |
|
|
|c BK
|